000 01024nam a2200241Ia 4500
999 _c51221
_d51221
001 18181
003 GE_BSU
005 20251121160608.0
008 181216s2015||||ge |||||||||||||| ||geo||
020 _a9789941462085
040 _cGE_BSU
041 _ageo
080 _a531(075.8) კ-18
100 _aკალანდაძე, ლ.
_96059
245 _aმექანიკა /
_cლ. კალანდაძე, ნ. ღომიძე, მ. ჩიხლაძე, ო. კეთილაძე; რედ. ჟუჟუნა დიასამიძე
264 _aბათუმი :
_bბათუმის შოთა რუსთაველის სახ. უნ-ტი,
_c2015.
300 _a231 გვ.:
_bილ.;
_c30 სმ.
653 _aმექანიკა
700 _aღომიძე, ნ.
_eავტორი
_96225
700 _aჩიხლაძე, მ.
_eავტორი
_924201
700 _aკეთილაძე, ო.
_eავტორი
_924202
942 _cBK
_2udc